000 00961nas a2200301 4500
001 BR7700632
003 BR-BrBNA
005 20231205083047.0
007 ta
008 230509b bl.|||p| |||| 00| 00por d
040 _aBR-BrBNA
_bpor
_cBiblioteca Nacional de Agricultura
041 _a(Pt)
072 _aH20; F25
100 1 _aMascarenhas, H.A.A.
100 1 _aMiranda, M.A.C.
100 1 _aBataglia, O.C.
100 1 _aTisselli Filho, O.
100 1 _aBraga, N.R.
100 1 _aSoave, J.
245 1 _aEfeito da adubacao potassica sobre o ataque da soja pelo Diaporthe phaseolorum (Cke. e Ell.)Sacc. var. Sojae (Lehman)Wehm. [Murcha bacteriana, Brasil]
650 _aFERTILIZANTE POTASSICO
650 _aADUBACAO
650 _aSOJA
650 _aMURCHA BACTERIANA
773 0 _tSumma Phytopathologica (Brazil)
_xISSN 0100-5405
_g(Jul 1976), v. 2(3) p. 230-234
_wBR7700632
909 _a202311
_bLúcia
_c55
_dLúcia Elande
942 _2AGRIS
_n0
_cANA
999 _c96116
_d96116